000 00538nam a2200193Ia 4500
003 LK-CoDNM
005 20241206100902.0
008 010623t1974 xxu||||| |||| 00| 1 eng d
040 _aLK-CoDNM
_dLK-CoDNM
_eLK-CoDNM
041 _aeng
080 _a294.32
_bNAN
100 _aNanananda himi
245 _aThe Magic of the mind in Buddhist perspective : An Exposition of the Kalakarama Sutta
260 _bBuddhist Publication Society
_aKandy
_c1974
300 _b92p. ; 21 cm
650 _aBuddhism
650 _a1974
942 _cBK
999 _c109347
_d109347